Žid dľa talmudu

Bibliographic Details
Main Author: Rohling, August (Author)
Format: Book
Language:Undetermined
PhysicalDescription:32 s.
Published: Skalica [Jozef Škarnicl] 1876
Edition:1. vyd.

MARC

LEADER 00000nam a2200000 a 4500
001 vtls001476680
003 SK-MaSNL
005 20260301225547.0
008 240318s1876 xx 0 und
035 |a SNK000431981 
040 |a SNK  |b slo  |c SNK  |e AACR2 
041 0 |a und 
044 |a xx 
100 1 |a Rohling, August  |4 aut  |9 619301 
245 1 0 |a Žid dľa talmudu 
250 |a 1. vyd. 
260 |a Skalica  |b [Jozef Škarnicl]  |c 1876 
300 |a 32 s. 
958 |a ONDV 
999 |c 951321  |d 953251 
952 |t P60, <04>, [BOOK], {604}  |a SNK  |b SNK  |y VYP  |7 0  |p 17A0433234  |o snkSD 1262/5 D2  |i snkF 1094/64  |0 0  |1 0  |4 0  |d 2004-06-14  |l 0  |r 2005-01-02 00:00:00  |w 2026-02-24 
952 |t P60, <04>, [BOOK], {604}  |a SNK  |b SNK  |y VYP  |7 0  |p 17A0433249  |o snkSD 1262/5 D3  |i snkF 4794/67  |0 0  |1 0  |4 0  |d 2004-06-14  |l 0  |r 2005-01-02 00:00:00  |w 2026-02-24